Networking: all-in-one for dummies a wiley brand/ (Record no. 139594)

MARC details
000 -LEADER
fixed length control field 00727nam a22002057a 4500
005 - DATE AND TIME OF LATEST TRANSACTION
control field 20170508145552.0
020 ## - INTERNATIONAL STANDARD BOOK NUMBER
International Standard Book Number 9788126562077
Terms of availability 699.00
035 ## - SYSTEM CONTROL NUMBER
System control number B-669753
037 ## - SOURCE OF ACQUISITION
Source of stock number/acquisition Asian Book Centre/Ven
Stock number dpl
037 ## - SOURCE OF ACQUISITION
Source of stock number/acquisition ABC/Ven.
Stock number dpl
082 ## - DEWEY DECIMAL CLASSIFICATION NUMBER
Classification number 004.6
100 ## - MAIN ENTRY--PERSONAL NAME
Personal name Lowe, Doug
245 ## - TITLE STATEMENT
Title Networking: all-in-one for dummies a wiley brand/
Statement of responsibility, etc by Doug Lowe
250 ## - EDITION STATEMENT
Edition statement 6th ed
260 ## - PUBLICATION, DISTRIBUTION, ETC. (IMPRINT)
Place of publication, distribution, etc New Delhi
Name of publisher, distributor, etc Wiley
Date of publication, distribution, etc 2016
270 ## - ADDRESS
Address 4435-36/7, Ansari Road, Daryaganj,
City New Delhi
Postal code 110002
300 ## - PHYSICAL DESCRIPTION
Extent 879p.:
Dimensions 23cm(pbk)
Other physical details ill.
942 ## - ADDED ENTRY ELEMENTS (KOHA)
Source of classification or shelving scheme Dewey Decimal Classification
Item type English Books
Classification part 004.6
Call number suffix LOW
Holdings
Withdrawn status Lost status Not for loan Collection code Home library Current library Date acquired Source of acquisition Cost, normal purchase price Full call number Barcode Copy number Cost, replacement price Koha item type
      Non-fiction Ashok Vihar Ashok Vihar 08/05/2017 BPPD/EN/2015-16/AV/16-17/387/15.2.2017/5077/9.3.2017/24.3.2017 699.00 004.6 LOW B-669753 1 699.00 English Books

© Delhi Public Library
Hit Counter
free hit counter